000 00250nam a22001217a 4500
003 SGT
082 _a823
_bDAT
100 _aDATHA DURJOY
245 _aOUR IMPOSSIBLE LOVE
260 _aINDIA
_bPENGUIN PUB
_c2016
300 _a289
942 _2ddc
_cBK
999 _c33896
_d33896